LIBRARY & INFORMATION CENTRE, KCAET, TAVANUR

ONLINE PUBLIC ACCESS CATALOGUE (OPAC)

Water supply and sewerage / (Record no. 5283)

MARC details
000 -LEADER
fixed length control field 00730cam a2200193ua 4500
041 ## - LANGUAGE CODE
Language code of text/sound track or separate title eng
082 ## - DEWEY DECIMAL CLASSIFICATION NUMBER
Classification number 628.3
Item number STE/WA
100 ## - MAIN ENTRY--AUTHOR NAME
Personal name Steel, Ernest W .
245 ## - TITLE STATEMENT
Title Water supply and sewerage /
250 ## - EDITION STATEMENT
Edition statement 4 /
260 ## - PUBLICATION, DISTRIBUTION, ETC. (IMPRINT)
Place of publication New York :
Name of publisher McGraw Hill Book Company ,
Year of publication 1960.
300 ## - PHYSICAL DESCRIPTION
Number of Pages 655 ; .
942 ## - ADDED ENTRY ELEMENTS (KOHA)
Koha item type Books
Holdings
Withdrawn status Lost status Damaged status Home library Current library Date acquired Full call number Accession Number Koha item type
      KAUAET KAUAET 07/04/2012 628.3 2503 Books
      KAUAET KAUAET 07/04/2012 628.3 2502 Books
Withdrawn     KAUAET KAUAET 07/04/2012 628.3 4882 Books
free website counter